| 000 | 00977nam a22002895a 4500 | ||
|---|---|---|---|
| 008 | 150817t1998 txu frb 001 0 eng d | ||
| 010 | _a 96080089 | ||
| 020 | _a0030244188 | ||
| 020 | _a9780030244186 | ||
| 040 |
_aEG-ScBUE _beng _cEG-ScBUE |
||
| 082 | 0 | 4 |
_a658.15 _bBRI |
| 100 | 1 | _aBrigham, Eugene F., | |
| 245 | 1 | 0 |
_aFundamentals of financial management / _cEugene F. Brigham, Joel F. Houston. |
| 250 | _a8th ed. | ||
| 260 |
_aFort Worth : _bDryden Press, _cc.1998. |
||
| 300 |
_axxvii, 898 p. : _bill. (some col.) ; _c24 cm. |
||
| 490 | 0 | _aThe Dryden Press series in finance | |
| 500 | _aFinancial tables inserted. | ||
| 504 | _aIncludes bibliographical references. | ||
| 590 | _aMohamed Hussein | ||
| 650 | 0 |
_aCorporations _xFinance. _2BUEsh |
|
| 651 | _2BUEsh | ||
| 653 |
_bBUSADM _bBUSECO _cAugust2015 |
||
| 700 | 1 | _aHouston, Joel F. | |
| 856 | 7 |
_3Table of contents _uhttp://lcweb.loc.gov/catdir/toc/96-80089.html |
|
| 942 |
_cBB _k658.15B8551 _2ddc |
||
| 999 |
_c4151 _d4151 |
||